LEADER 01603nam 2200409 n 450 001 996387041803316 005 20200824125026.0 035 $a(CKB)1000000000613654 035 $a(EEBO)2240861318 035 $a(UnM)99829522e 035 $a(UnM)99829522 035 $a(EXLCZ)991000000000613654 100 $a19950609d1679 uy | 101 0 $aeng 135 $aurbn||||a|bb| 200 14$aThe mystery of Jesuitism$b[electronic resource] $ediscovered in certain letters, written upon occasion of the present differences at Sorbonne between the Jansenists and the Molinists, displaying the pernicious maximes of the late Casuists. With additionals 205 $a[3rd. ed.] 210 $aLondon $cprinted for Richard Royston, book-seller to his Most Sacred Majesty$dM DC LXX XIX. [1689 [i.e. 1679]] 215 $a[21], 342, [4], 126, [3], 1 plate, 1 folded plate 300 $aTranslation of Pascal's Les provinciales. 300 $a"Additionals to The mystery of Jesuitism" has special t.p. and separate pagination. 300 $aIncludes index. 300 $aEdition statement from Wing. 300 $aReproduction of original in the University of Illinois (Urbana-Champaign Campus). Library. 330 $aeebo-0062 606 $aJansenists$vEarly works to 1800 607 $aPort Royal (France) 615 0$aJansenists 700 $aPascal$b Blaise$f1623-1662.$028760 801 0$bCu-RivES 801 1$bCu-RivES 801 2$bCStRLIN 801 2$bWaOLN 906 $aBOOK 912 $a996387041803316 996 $aThe mystery of Jesuitism$91886258 997 $aUNISA LEADER 00957nam0-2200289 --450 001 9910775799603321 005 20240119145438.0 010 $a978-88-921-3204-7 020 $aIT$b2019-10825 100 $a20240119d2019----kmuy0itay5050 ba 101 0 $aita$cita 102 $aIT 105 $a 001yy 200 1 $aContraddizioni e divergenze delle politiche legislative sui beni pubblici$fGabriele Torelli 210 $aTorino$cGiappichelli$d2019 215 $aXXIII, 273 p.$d24 cm 225 1 $a<>diritto amministrativo: variazioni$v4 300 $aAltra edizione: ISBN 9788892185012 (eBook-PDF) 676 $a343.4502$v23$zita 700 1$aTorelli,$bGabriele$f<1987- >$01568144 801 0$aIT$bUNINA$gREICAT$2UNIMARC 901 $aBK 912 $a9910775799603321 952 $aVI F 310$b2020/351$fFGBC 959 $aFGBC 996 $aContraddizioni e divergenze delle politiche legislative sui beni pubblici$93840067 997 $aUNINA